00902nas a2200229Ia 4500001001100000003000900011008004100020040001300061040001300074041001300087100004600100210002500146222002500171245008500196250001100281260002800292501008600320300001700406362002300423500017300446650005300619R503/87711IT-RoPAU151124c99999999xx |||||||||||| ||und|| aIT-RoPAU cIT-RoPAU aITALIANO aSeguela JacquesgCodice Aut. SPICS: 141 aMARKETING ESPANSIONE aMarketing Espansione aMARKETING ESPANSIONE, N.39 (MAGGIO 1990)bSeguela: Quando Il Manager E' Una Star a1a ed. aMILANObMONDADORIc1990 bPaulus - SPICS - Società San Paolo EM (non-commercial uses only)cCopyright2015 a7 p. [17-23] aN.39 (MAGGIO 1990) aIn Anteprima Dall'Ultimo Libro "Demain il Sera Trop Star" del Guru Francese il Capitolo Dedicato al Fenomeno del Management Lee Iacocca e All'Americadegli Anni Ottanta. aPUBBLICITA' - MARKETINGvPUBBLICAZIONE PERIODICA